[Event "BCF-chT4a 0405 (4NCL)"]
[Site "Telford"]
[Date "2005.05.29"]
[Round "10.2"]
[White "Jones, Simon A"]
[Black "Ufodike, Bell"]
[Result "0-1"]
[WhiteElo "1725"]
[BlackElo "2095"]
[PlyCount "70"]
[EventDate "2004.11.06"]
[EventType "team"]
[EventRounds "11"]
[EventCountry "ENG"]
[SourceTitle "EXT 2006"]
[Source "ChessBase"]
[SourceDate "2005.11.24"]
[SourceVersion "1"]
[SourceVersionDate "2005.11.24"]
[SourceQuality "1"]
[WhiteTeam "The ADS"]
[BlackTeam "Slough Sharks IV"]
[WhiteTeamCountry "ENG"]
[BlackTeamCountry "ENG"]

1. e4 c5 2. d4 cxd4 3. Qxd4 Nc6 4. Qd1 Nf6 5. Nc3 g6 6. Nf3 Bg7 7. Bc4 0-0 8. 0-0 d6 9. h3 a6 10. a4 Bd7 11. Bf4 Rc8 12. Ba2 b5 13. axb5 axb5 14. Nxb5 Nxe4 15. c3 Rb8 16. Bc4 Na5 17. Be2 Bxb5 18. Bxb5 Rxb5 19. Qa4 Rxb2 20. Qxe4 Bxc3 21. Bh6 Re8 22. Nd4 Rb4 23. Rad1 Nb3 24. Be3 Nxd4 25. Bxd4 e5 26. Qd5 Rxd4 27. Rxd4 Bxd4 28. Rb1 Qf6 29. Qa2 Rc8 30. Rd1 Rc7 31. Qa8+ Kg7 32. Rd2 Rc1+ 33. Kh2 Qf4+ 34. g3 Qxd2 35. Qf3 Rf1 0-1

[Event "BCF-chT4a 0405 (4NCL)"]
[Site "Telford"]
[Date "2005.05.28"]
[Round "9.2"]
[White "Morris, Graham P"]
[Black "Jones, Simon A"]
[Result "1-0"]
[WhiteElo "2050"]
[BlackElo "1725"]
[PlyCount "105"]
[EventDate "2004.11.06"]
[EventType "team"]
[EventRounds "11"]
[EventCountry "ENG"]
[SourceTitle "EXT 2006"]
[Source "ChessBase"]
[SourceDate "2005.11.24"]
[SourceVersion "1"]
[SourceVersionDate "2005.11.24"]
[SourceQuality "1"]
[WhiteTeam "Oxford II"]
[BlackTeam "The ADS"]
[WhiteTeamCountry "ENG"]
[BlackTeamCountry "ENG"]

1. e4 e5 2. Nf3 d6 3. d4 exd4 4. Nxd4 Nf6 5. Nc3 Be7 6. Be3 c5 7. Nde2 Nc6 8. f3 0-0 9. Qd2 Ne5 10. Nf4 Bd7 11. 0-0-0 a6 12. Nfd5 b5 13. Nxe7+ Qxe7 14. Qxd6 Qe8 15. Bxc5 Rc8 16. Qxf8+ Qxf8 17. Bxf8 Kxf8 18. Be2 Be6 19. Kb1 b4 20. Nd5 a5 21. Nxf6 gxf6 22. Rd4 Nc6 23. Rd6 a4 24. Bb5 Ne5 25. Bxa4 Nc4 26. Rd3 Ne5 27. Rd4 Nc4 28. Bb3 Ne3 29. Rd2 Nc4 30. Bxc4 Bxc4 31. Rhd1 Ke8 32. Rd6 Ra8 33. b3 Be6 34. Rb6 f5 35. Rxb4 fxe4 36. Rxe4 Kf8 37. Red4 Ke7 38. a4 Ra7 39. Kb2 Rc7 40. a5 Bf5 41. c4 Ra7 42. Ra1 Kf6 43. b4 Re7 44. Rad1 Re2+ 45. R4d2 Re3 46. b5 Be6 47. Rc1 Re5 48. a6 Rc5 49. a7 Rc8 50. b6 Rc6 51. a8Q Rxb6+ 52. Kc3 Bf5 53. Qd8+ 1-0